عرض عادي
عرض مارك
- Phytopathogenic fungi.
مدخل مصطلح موضوعي
001 - رقم الضبط
- حقل الضبط: 89144
003 - معرف رقم الضبط
- حقل الضبط: OSt
005 - تاريخ ووقت أخر عملية
- حقل الضبط: 20220214084310.0
008 - عناصر بيانات ثابتة الطول
- حقل تحكم ثابت الطول: 220214|| aca||aabn | a|a d
040 ## - مصدر الفهرسة
- هيئة الفهرسة الأصلية: OSt
- وكالة الكتابة: OSt
150 ## - مدخل-- مصطلح تاريخي
- عنصر مدخل المصطلح الموضوعي او الاسم الجغرافي: Phytopathogenic fungi.
670 ## - بيانات المصدر موجوده
- الاستشهاد بالمصدر: Work cat.: (OSt)0: Aneja, K. R 89143, An introduction to mycology, 2021
